5HLuxD.jpg

KING HENRY VIII SENIOR AND PRIMARY SCHOOL LIBRARY OPAC

Nevermood : (Record no. 5336)

000 -LEADER
fixed length control field 01889cam a2200433 i 4500
001 - CONTROL NUMBER
control field 19614969
003 - CONTROL NUMBER IDENTIFIER
control field OSt
005 - DATE AND TIME OF LATEST TRANSACTION
control field 20250908093435.0
008 - FIXED-LENGTH DATA ELEMENTS--GENERAL INFORMATION
fixed length control field 170428s2017 nyu c 000 1 eng
010 ## - LIBRARY OF CONGRESS CONTROL NUMBER
LC control number 2017003436
020 ## - INTERNATIONAL STANDARD BOOK NUMBER
International Standard Book Number 9780316508896
Qualifying information paperback
035 ## - SYSTEM CONTROL NUMBER
System control number 19614969
040 ## - CATALOGING SOURCE
Original cataloging agency DLC
Language of cataloging eng
Transcribing agency DLC
Description conventions rda
Modifying agency DLC
-- KH8
042 ## - AUTHENTICATION CODE
Authentication code lcac
-- pcc
082 ## - DEWEY DECIMAL CLASSIFICATION NUMBER
Classification number FIC TOW
100 1# - MAIN ENTRY--PERSONAL NAME
Personal name Townsend, Jessica,
Dates associated with a name 1985-
Relator term author.
245 14 - TITLE STATEMENT
Title Nevermood :
Remainder of title he trials of Morrigan Crow /
Statement of responsibility, etc. Jessica Townsend, illustrated by Jim Madsen.
250 ## - EDITION STATEMENT
Edition statement First US edition.
264 #1 - PRODUCTION, PUBLICATION, DISTRIBUTION, MANUFACTURE, AND COPYRIGHT NOTICE
Place of production, publication, distribution, manufacture New York :
Name of producer, publisher, distributor, manufacturer Little, Brown and Company,
Date of production, publication, distribution, manufacture, or copyright notice 2017.
300 ## - PHYSICAL DESCRIPTION
Extent 465 pages :
Other physical details illustrations ;
Dimensions 21 cm.
336 ## - CONTENT TYPE
Content type term text
Content type code txt
Source rdacontent
337 ## - MEDIA TYPE
Media type term unmediated
Media type code n
Source rdamedia
338 ## - CARRIER TYPE
Carrier type term volume
Carrier type code nc
Source rdacarrier
490 0# - SERIES STATEMENT
Series statement Nevermoor ;
Volume/sequential designation [1]
520 ## - SUMMARY, ETC.
Summary, etc. "A cursed child destined to die on her eleventh birthday is rescued and whisked away to a secret realm called Nevermoor and given the chance to compete for a place in a prestigious organization called the Wundrous Society"--
Assigning source Provided by publisher.
650 #1 - SUBJECT ADDED ENTRY--TOPICAL TERM
Topical term or geographic name entry element Magic
Form subdivision Fiction.
650 #1 - SUBJECT ADDED ENTRY--TOPICAL TERM
Topical term or geographic name entry element Blessing and cursing
Form subdivision Fiction.
650 #1 - SUBJECT ADDED ENTRY--TOPICAL TERM
Topical term or geographic name entry element Contests
Form subdivision Fiction.
650 #7 - SUBJECT ADDED ENTRY--TOPICAL TERM
Topical term or geographic name entry element JUVENILE FICTION / Fantasy & Magic.
Source of heading or term bisacsh
650 #7 - SUBJECT ADDED ENTRY--TOPICAL TERM
Topical term or geographic name entry element JUVENILE FICTION / Action & Adventure / General.
Source of heading or term bisacsh
650 #7 - SUBJECT ADDED ENTRY--TOPICAL TERM
Topical term or geographic name entry element JUVENILE FICTION / Mysteries & Detective Stories.
Source of heading or term bisacsh
650 #7 - SUBJECT ADDED ENTRY--TOPICAL TERM
Topical term or geographic name entry element JUVENILE FICTION / Social Issues / Self-Esteem & Self-Reliance.
Source of heading or term bisacsh
650 #7 - SUBJECT ADDED ENTRY--TOPICAL TERM
Topical term or geographic name entry element JUVENILE FICTION / Social Issues / Emigration & Immigration.
Source of heading or term bisacsh
650 #7 - SUBJECT ADDED ENTRY--TOPICAL TERM
Topical term or geographic name entry element JUVENILE FICTION / Social Issues / Friendship.
Source of heading or term bisacsh
650 #7 - SUBJECT ADDED ENTRY--TOPICAL TERM
Topical term or geographic name entry element JUVENILE FICTION / Social Issues / Emotions & Feelings.
Source of heading or term bisacsh
655 #7 - INDEX TERM--GENRE/FORM
Genre/form data or focus term Fiction.
Source of term lcgft
Authority record control number or standard number https://id.loc.gov/authorities/genreForms/gf2014026339
700 ## - ADDED ENTRY--PERSONAL NAME
Personal name Madsen, Jim,
Relator term illustrator.
942 ## - ADDED ENTRY ELEMENTS (KOHA)
Source of classification or shelving scheme
Koha item type Books - Fiction
Holdings
Withdrawn status Lost status Source of classification or shelving scheme Damaged status Not for loan Collection code Permanent Location Current Location Shelving location Date acquired Full call number Barcode Date last seen Price effective from Koha item type
          Fiction KH8 Senior School Library KH8 Senior School Library Fiction 2025-09-08 FIC TOW 3KHSL000102386 2025-09-08 2025-09-08 Books - Fiction

Powered By KH8 IT Dept